Category Elimination - Solar system - Statistics

General Stats
  • This quiz has been taken 2,070 times
    2,009 since last reset
  • The average score is 11 of 16
Answer Stats
Group # Category % Correct
Green 144 Planets and moons
100%
Green 35 ... that were visited by spacecraft
100%
Green 5 ... and were landed on
99%
Yellow 678 Minor planets
89%
Yellow 24 ... over 400km in diameter
87%
Yellow 4 ... that was once considered a planet
87%
Pink 822 Anything in the solar system, except the Sun
85%
Pink 30 ... over 1000km in diameter
85%
Blue 136 Moons of the solar system
84%
Pink 25 ... that was never (soft)landed on
84%
Blue 71 ... in the top half of its parent's largest moons
82%
Pink 1 ... in the inner solar system. Mercury
63%
Green 1 ... in the outer solar system Titan
39%
Blue 7 ... discovered in the 19th century
30%
Blue 1 ... and not a gas giant's moon. Phobos
25%
Yellow 1 ... and was never visited by spacecraft Pallas
6%
No matching quizzes found
Score Distribution
Percent of People with Each Score
Percentile by Number Answered
Your Score History
You have not taken this quiz since the last reset